header

Not all Okies are white (Record no. 180602)

MARC details
000 -LEADER
fixed length control field 01401nam a2200325 a 4500
082 04 - DEWEY DECIMAL CLASSIFICATION NUMBER
Classification number 331.6/9960730791/09041
100 1# - MAIN ENTRY--AUTHOR NAME
Personal name LeSeur, Geta J.
245 10 - TITLE STATEMENT
Title Not all Okies are white
260 ## - PUBLICATION, DISTRIBUTION, ETC. (IMPRINT)
Place of publication Columbia, Mo. :
Name of publisher University of Missouri Press,
Year of publication c2000.
300 ## - PHYSICAL DESCRIPTION
Number of Pages xv, 247 p. :
Other physical details ill.
650 #0 - SUBJECT ADDED ENTRY--TOPICAL TERM
Topical Term Cotton farmers
Topical Term Cotton farmers
Topical Term African American agricultural laborers
Topical Term African American agricultural laborers
856 40 - ELECTRONIC LOCATION AND ACCESS
Uniform Resource Identifier http://site.ebrary.com/lib/rucke/Doc?id=10048183

No items available.

© 2026 Rongo University
Contact us: librarian | system librarian | Rongo university